| 000 -LEADER |
| fixed length control field |
01728cam a22004217a 4500 |
| 001 - CONTROL NUMBER |
| control field |
14590666 |
| 005 - DATE AND TIME OF LATEST TRANSACTION |
| control field |
20230322161050.0 |
| 008 - FIXED-LENGTH DATA ELEMENTS--GENERAL INFORMATION |
| fixed length control field |
061011s2004 enka b 001 0 eng d |
| 010 ## - LIBRARY OF CONGRESS CONTROL NUMBER |
| LC control number |
2006284186 |
| 015 ## - NATIONAL BIBLIOGRAPHY NUMBER |
| National bibliography number |
GBA463945 |
| Source |
bnb |
| 016 7# - NATIONAL BIBLIOGRAPHIC AGENCY CONTROL NUMBER |
| Record control number |
012981848 |
| Source |
Uk |
| 020 ## - INTERNATIONAL STANDARD BOOK NUMBER |
| International Standard Book Number |
0863413587 |
| 035 ## - SYSTEM CONTROL NUMBER |
| System control number |
(OCoLC)ocm56646289 |
| 040 ## - CATALOGING SOURCE |
| Original cataloging agency |
UKM |
| Language of cataloging |
eng |
| Transcribing agency |
UKM |
| Modifying agency |
BWK |
| -- |
OCL |
| -- |
BAKER |
| -- |
DLC |
| 042 ## - AUTHENTICATION CODE |
| Authentication code |
ukblsr |
| -- |
lccopycat |
| 050 00 - LIBRARY OF CONGRESS CALL NUMBER |
| Classification number |
TL3252 |
| Item number |
.T586 2004 |
| 082 04 - DEWEY DECIMAL CLASSIFICATION NUMBER |
| Classification number |
629.1351 |
| Edition number |
22 |
| 082 04 - DEWEY DECIMAL CLASSIFICATION NUMBER |
| Classification number |
629.132 |
| Edition number |
22 |
| Author Mark |
TIT |
| 100 1# - MAIN ENTRY--PERSONAL NAME |
| Personal name |
Titterton, D. H. |
| Fuller form of name |
(David H.) |
| 9 (RLIN) |
111140 |
| 245 10 - TITLE STATEMENT |
| Title |
Strapdown inertial navigation technology / |
| Statement of responsibility, etc. |
David H. Titterton and John L. Weston. |
| 250 ## - EDITION STATEMENT |
| Edition statement |
2nd ed. |
| 260 ## - PUBLICATION, DISTRIBUTION, ETC. |
| Place of publication, distribution, etc. |
Stevenage : |
| Name of publisher, distributor, etc. |
Institution of Electrical Engineers, |
| Date of publication, distribution, etc. |
c2004. |
| 300 ## - PHYSICAL DESCRIPTION |
| Extent |
xvii, 558 p. : |
| Other physical details |
ill. ; |
| Dimensions |
24 cm. |
| 440 #0 - SERIES STATEMENT/ADDED ENTRY--TITLE |
| Title |
IEE radar, sonar, navigation, and avionics series ; |
| Volume/sequential designation |
17 |
| 9 (RLIN) |
97913 |
| 500 ## - GENERAL NOTE |
| General note |
Co-published by the American Institute of Aeronautics and Astronautics. |
| 500 ## - GENERAL NOTE |
| General note |
Previous ed.: London: Peter Peregrinus, 1997. |
| 504 ## - BIBLIOGRAPHY, ETC. NOTE |
| Bibliography, etc. note |
Includes bibliographical references and index. |
| 650 #0 - SUBJECT ADDED ENTRY--TOPICAL TERM |
| Topical term or geographic name entry element |
Inertial navigation (Aeronautics) |
| 9 (RLIN) |
110557 |
| 650 #0 - SUBJECT ADDED ENTRY--TOPICAL TERM |
| Topical term or geographic name entry element |
Inertial navigation systems. |
| 9 (RLIN) |
24839 |
| 700 1# - ADDED ENTRY--PERSONAL NAME |
| Personal name |
Weston, J. L. |
| Fuller form of name |
(John L.) |
| 9 (RLIN) |
111141 |
| 710 2# - ADDED ENTRY--CORPORATE NAME |
| Corporate name or jurisdiction name as entry element |
Institution of Electrical Engineers. |
| 710 2# - ADDED ENTRY--CORPORATE NAME |
| Corporate name or jurisdiction name as entry element |
American Institute of Aeronautics and Astronautics. |
| 9 (RLIN) |
82742 |
| 856 42 - ELECTRONIC LOCATION AND ACCESS |
| Materials specified |
Publisher description |
| Uniform Resource Identifier |
<a href="http://www.loc.gov/catdir/enhancements/fy0651/2006284186-d.html">http://www.loc.gov/catdir/enhancements/fy0651/2006284186-d.html</a> |
| 856 41 - ELECTRONIC LOCATION AND ACCESS |
| Materials specified |
Table of contents only |
| Uniform Resource Identifier |
<a href="http://www.loc.gov/catdir/enhancements/fy0651/2006284186-t.html">http://www.loc.gov/catdir/enhancements/fy0651/2006284186-t.html</a> |
| 906 ## - LOCAL DATA ELEMENT F, LDF (RLIN) |
| a |
7 |
| b |
cbc |
| c |
copycat |
| d |
2 |
| e |
ncip |
| f |
20 |
| g |
y-gencatlg |
| 942 ## - ADDED ENTRY ELEMENTS (KOHA) |
| Source of classification or shelving scheme |
|
| Koha item type |
Book |